000 00462nam a2200169Ia 4500
005 20250430173701.0
008 231217s9999 xx 000 0 und d
020 _a9780070660489
082 _a001.6424 MAR;10
100 _aMartin, John C.
245 0 _aIntroduction to languages and the theory of computation
250 _a3rd ed.
260 _c2007
_bTata McGraw-Hill
_aNew Delhi
300 _axiii+543
650 _alanguages,computation
942 _cAA
999 _c183402
_d183402